|
|
|
|
| LEADER |
01902nam a22003012a 4500 |
| 001 |
000194158 |
| 003 |
CZ BrMZK |
| 005 |
20171219103825.0 |
| 008 |
961001s1953 xr af f cze d |
| 015 |
|
|
|a cnb000414662
|
| 035 |
|
|
|a (OCoLC)85179708
|
| 040 |
|
|
|a ABA001
|b cze
|c OLA001
|d ABA001
|
| 100 |
1 |
|
|a Fetter, Vojtěch,
|d 1905-1971
|7 jk01030941
|4 aut
|
| 245 |
1 |
0 |
|a Co víme o původu a vývoji člověka /
|c Vojtěch Fetter
|
| 250 |
|
|
|a 1. vyd.
|
| 260 |
|
|
|a Praha :
|b Orbis,
|c 1953
|
| 300 |
|
|
|a 13, [2] s., [4] s. obr. příl. ;
|c 8°
|
| 490 |
1 |
|
|a Knihovna Čs. společnosti pro šíření politických a vědeckých znalostí ;
|v sv. 38
|
| 490 |
1 |
|
|a Edice přírodní vědy ;
|v sv. 11
|
| 500 |
|
|
|a 4400 výt.
|
| 500 |
|
|
|a Předn. v Čs. společnosti pro šíření polit. a věd. znalostí 18.9.1952, Praha
|
| 520 |
2 |
|
|a Přednáška podává populárně obraz o jednotlivých článcích vývoje člověka od jeho předchůdce nazvaného Plesianthropus přes další členy, jimiž byli opočlověk (Pithecanthropus), pračlověk (Homo primigenius) a konečně již dokonalou rozumovou činností vybavený předvěký člověk (Homo sapiens fossilis). Upozorňuje na nejstarší fáze vývoje člověka, které klademe do doby pleistocénu a na přerod, kdy se vytvářela průběhem statisíců let bytost žijící společensky a mluvící artikulovanou řečí, která účinkem formujícího vlivu práce se stále zdokonalovala. Brožurka se zmiňuje o významu našeho slavného anthropologa Dr. Aleše Hrdličky a jeho pojetí neandertálské fáze ve vývoji lidstva.
|
| 830 |
|
0 |
|a Knihovna Československé společnosti pro šíření politických a vědeckých znalostí
|0 s
|
| 830 |
|
0 |
|a Přírodní vědy (Orbis)
|
| 910 |
|
|
|a BOA001
|b X-0312.493
|
| 990 |
|
|
|a BK
|
| 991 |
|
|
|b 201408
|
| 996 |
6 |
|
|b 2619785165
|c X-0312.493
|l MZK
|r Sklad / do 24 hodin
|n 8
|w 000194158
|u 000010
|a 1
|e BOA001
|j MZK50
|s P
|